Statistiques concernant Every BITC's players (+ 50k only)

Cliquez ici pour prendre le quiz!

Statistiques générales

  • Ce quiz a été pris 13 fois
    (12 depuis la dernière actualisation)
  • Le résultat moyen est 37 sur 284

Statistiques - réponses

GuildRéponse% Correct
Genshin FR
(100k +)
benafet
78%
Genshin FR
(150k +)
feoh
78%
Genshin FR
(200k +)
Bapt87
67%
RisingAngels
(50k +)
càn
67%
Darkwarrios
(300k +)
canpu
67%
Genshin FR
(50k +)
DAVIID
67%
Genshin FR
(200k +)
Galaxio
67%
Darkwarrios
(50k +)
shelby
67%
hello world
(300k +)
Sokrim
67%
Genshin FR
(100k +)
zimskin
67%
Genshin FR
(100k +)
Andrespana
56%
Genshin FR
(50k +)
Brasero
56%
OTAKUxJROCK
(100k +)
Chriss
56%
Genshin FR
(50k +)
ExGalliard
56%
Darkwarrios
(100k +)
FAS07
56%
JusagAme
(150k +)
Katarina
56%
Chil1
(100k +)
LunaC
56%
Genshin FR
(50k +)
Nnillat
56%
Genshin FR
(200k +)
SHAKKAZ
56%
QuestOfGame
(200k +)
to777
56%
LIAO
(250k +)
ACHiNa
44%
Chil1
(50k +)
charlidelca
44%
BITC México
(100k +)
Curono
44%
Genshin FR
(100k +)
Filoo
44%
GenshinFR2
(50k +)
hishiro
44%
Genshin FR
(150k +)
jojopopo
44%
Genshin FR
(350k +)
miko0069
44%
Darkthrone
(100k +)
MôMô
44%
Chil1
(300k +)
qio
44%
Darkwarrios
(100k +)
RamitoDeRosé
44%
aa
(100k +)
Schedar
44%
Darkwarrios
(200k +)
stevencv
44%
Darkwarrios
(100k +)
SUNNY
44%
Genshin FR
(150k +)
thomas0258
44%
Darkwarrios
(100k +)
YEHSHUA
44%
Genshin FR
(100k +)
Yonatani
44%
Darkwarrios
(100k +)
Arthur07
33%
Darkwarrios
(100k +)
Audaz19
33%
aa
(100k +)
AYARIZU
33%
SNK
(50k +)
ayuni
33%
Genshin FR
(100k +)
Ceritolam
33%
BITC México
(50k +)
Curono27
33%
Chil1
(100k +)
d103
33%
Prism Wing
(250k +)
Danny2
33%
hello world
(250k +)
darthtt
33%
Chil1
(200k +)
dozaemon
33%
Chil1
(150k +)
Froza
33%
BITC México
(150k +)
kaiShibuya
33%
Chil1
(350k +)
King
33%
Genshin FR
(100k +)
Kuyaeroy
33%
Daash
(100k +)
LeiDi
33%
Daash
(50k +)
LeiDii
33%
hello world
(200k +)
maybe
33%
hello world
(200k +)
mouldieji99
33%
Darkwarrios
(100k +)
Mvp
33%
Genshin FR
(50k +)
Phantasm05
33%
JusagAme
(200k +)
rickjounin
33%
JusagAme
(200k +)
yoelu
33%
Darkwarrios
(100k +)
23790
22%
Chil1
(50k +)
AjaxGriswall
22%
welcome
(50k +)
Akajin
22%
Darkwarrios2
(50k +)
Ardark
22%
TheGoodAids
(200k +)
bro312
22%
Genshin FR
(50k +)
DJLKSDKHJSL
22%
JusagAme
(100k +)
DRakeknight
22%
Chil1
(200k +)
ExceedPrince
22%
Darkwarrios
(100k +)
Fefy01
22%
BITC México
(100k +)
Huaral55
22%
JusagAme
(100k +)
JUSTAYARIZU
22%
Vikings
(50k +)
Katakuri
22%
JusagAme
(100k +)
Kepos
22%
Darkwarrios
(50k +)
Kirikadess
22%
Chil1
(250k +)
MrPotter
22%
BITC México
(100k +)
MrXao
22%
QuestOfGame
(50k +)
NINO NAKANO
22%
Daash
(50k +)
omardaash
22%
Chil1
(250k +)
Petole33
22%
Chil1
(200k +)
pghtbvf
22%
JusagAme
(50k +)
Poncetwo
22%
GenshinFR2
(100k +)
PWP4
22%
GenshinFR2
(50k +)
Shinudo
22%
SNK
(150k +)
sting736
22%
TheGoodAids
(100k +)
Stonerchick
22%
hello world
(200k +)
Tekino
22%
QuestOfGame
(200k +)
Vijo
22%
Chil1
(100k +)
xAlleNx
22%
SNK
(150k +)
yuzumi
22%
GenshinFR2
(50k +)
zealkun
22%
EROGAMES
(50k +)
AdDave63
11%
JusagAme
(100k +)
Alfredito
11%
LIAO
(50k +)
Anubis05
11%
BITC México
(100k +)
BART
11%
SNK
(150k +)
corleone
11%
华夏
(50k +)
dabai
11%
Darkwarrios
(50k +)
Darkson
11%
aa
(100k +)
dilim
11%
Darkwarrios
(100k +)
Emiya Archer
11%
TheGoodAids
(50k +)
Felonysin
11%
フレンドリーギルド
(50k +)
Gonv
11%
EROGAMES
(50k +)
HentaiLoVers
11%
Darkthrone
(50k +)
InuYoru
11%
Darkwarrios
(100k +)
kirito0725
11%
victorius
(50k +)
kklala
11%
hello world
(200k +)
lao2j
11%
Chil1
(100k +)
Lexi02
11%
SNK
(100k +)
lobitosii
11%
test
(50k +)
LUCIFER
11%
JusagAme
(50k +)
macario
11%
QuestOfGame
(50k +)
Mami
11%
フレンドリーギルド
(50k +)
mariaks
11%
hello world
(250k +)
Niash
11%
SNK
(150k +)
ponpoko
11%
BITC México
(50k +)
Rosdek7
11%
GenshinFR2
(50k +)
rrllgg
11%
Chil1
(50k +)
Sky9081
11%
Darkthrone
(50k +)
Sylphie
11%
Darkthrone
(50k +)
Sylphy
11%
JusagAme
(50k +)
Twilight Tal
11%
SR25
(50k +)
umm123
11%
Darkwarrios
(50k +)
Weon
11%
Daash
(100k +)
YoNoFul
11%
RisingAngels
(50k +)
Винс
0%
フレンドリーギルド
(50k +)
阿西
0%
フレンドリーギルド
(50k +)
优里
0%
aa
(150k +)
へんたい
0%
Darkthrone
(50k +)
重炮手
0%
Vikings
(50k +)
呀书吾人
0%
aa
(50k +)
醉了别怪她
0%
Darkthrone
(100k +)
午夜狂热
0%
Darkthrone
(200k +)
名前がない
0%
hello world
(300k +)
花音
0%
QuestOfGame
(50k +)
| aa
(50k +)
あるの
0%
JusagAme
(50k +)
龍后
0%
华夏
(100k +)
啷个哩个啷
0%
华夏
(100k +)
ひかり
0%
华夏
(100k +)
我護活啦
0%
华夏
(150k +)
仓科百合子
0%
华夏
(150k +)
幻翼天使
0%
华夏
(150k +)
上课睡觉理堂
0%
华夏
(150k +)
鞥鞥鞘
0%
华夏
(200k +)
小英
0%
JusagAme
(50k +)
月云
0%
QuestOfGame
(50k +)
テンセイケンオウ
0%
华夏
(50k +)
乔治可撸妮
0%
JusagAme
(50k +)
ココマル
0%
JusagAme
(100k +)
月升之时
0%
hello world
(100k +)
迷宫熊
0%
hello world
(150k +)
夜航星
0%
hello world
(150k +)
卖萌的路人君
0%
hello world
(150k +)
啊哲
0%
hello world
(200k +)
黑羽
0%
hello world
(200k +)
小手一挥
0%
hello world
(250k +)
紅桜
0%
hello world
(250k +)
白飞尘
0%
华夏
(50k +)
神之一手一发入魂
0%
EROGAMES
(50k +)
神户小鸟
0%
SNK
(50k +)
只會往前
0%
QuestOfGame
(350k +)
みん
0%
QuestOfGame
(150k +)
ちばちゃん
0%
hello world
(200k +)
御坂美琴002
0%
hello world
(250k +)
1Yakumo1
0%
华夏
(100k +)
2233欧派巨大
0%
RisingAngels
(50k +)
233H
0%
Sexy Angels
(100k +)
648一条咸鱼
0%
华夏
(150k +)
小英9
0%
AlleyCats
(50k +)
alekey
0%
AlleyCats
(100k +)
Alrich
0%
SNK
(100k +)
Aman99
0%
SR25
(50k +)
Amanse
0%
SNK
(50k +)
AnaCruz
0%
フレンドリーギルド
(50k +)
Arnul
0%
Darkthrone
(50k +)
Ashes778
0%
Sexy Angels
(50k +)
ASSS
0%
Daash
(100k +)
Azaliya
0%
フレンドリーギルド
(50k +)
belfegor
0%
AlleyCats
(50k +)
BUL
0%
welcome
(50k +)
carry72
0%
RisingAngels
(50k +)
chicogato
0%
QuestOfGame
(50k +)
childesu
0%
LatamGremio
(50k +)
Ciar
0%
Vikings
(50k +)
DaGiMa
0%
BITC México
(50k +)
DARK5IDER
0%
AlleyCats
(50k +)
demon11011
0%
BITC México
(100k +)
duo33
0%
aa
(50k +)
elricolino
0%
TheGoodAids
(100k +)
Enix
0%
フレンドリーギルド
(50k +)
Eslin
0%
Vikings
(50k +)
esteben
0%
JusagAme
(50k +)
EX聖劍咖哩棒
0%
aa
(50k +)
Firewyrm
0%
RisingAngels
(50k +)
FOB
0%
Darkthrone
(50k +)
Foruka
0%
welcome
(50k +)
Francescrip
0%
AlleyCats
(50k +)
Franz0
0%
BITC México
(100k +)
fuckyou654
0%
SNK
(100k +)
Fugishiro
0%
BITC México
(50k +)
gatotripero
0%
AlleyCats
(50k +)
gemgrm
0%
SR25
(50k +)
Gerard
0%
Sexy Angels
(50k +)
Glowy
0%
SNK
(100k +)
heheheello
0%
Sexy Angels
(50k +)
HoneyBrew
0%
Daash
(50k +)
Horixon
0%
TheGoodAids
(50k +)
Isolated
0%
QuestOfGame
(100k +)
j35u5
0%
LatamGremio
(50k +)
Jack
0%
TheGoodAids
(100k +)
jcoleon
0%
AlleyCats
(50k +)
jessirom
0%
JusagAme
(100k +)
Jhoshua
0%
LatamGremio
(50k +)
JigokuDLilit
0%
JusagAme
(50k +)
JohannJP
0%
aa
(50k +)
Kalila
0%
SNK
(50k +)
Kasumi
0%
Daash
(50k +)
Kchas22
0%
BITC México
(50k +)
Kerokero
0%
Vikings
(50k +)
Krousher
0%
JusagAme
(100k +)
Kyna
0%
AlleyCats
(50k +)
labado
0%
フレンドリーギルド
(50k +)
lantanas
0%
BITC México
(50k +)
Leamsi
0%
aa
(100k +)
leeshien
0%
test
(50k +)
leya2mars
0%
LatamGremio
(50k +)
lfrlfr
0%
BITC México
(50k +)
likarosl
0%
Coolguys
(50k +)
lilinous
0%
aa
(50k +)
LolitaOwO
0%
Darkthrone
(50k +)
Lonely_Star
0%
BITC México
(50k +)
lutuala
0%
Sexy Angels
(50k +)
MEIR
0%
JusagAme
(50k +)
Merz
0%
welcome
(50k +)
M.Kruger
0%
Sexy Angels
(50k +)
momo1578
0%
SNK
(100k +)
mroobaloba
0%
test
(50k +)
muumu
0%
Darkthrone
(100k +)
Nâo
0%
welcome
(50k +)
nguyenmi
0%
Chil1
(100k +)
Nikitaoi
0%
フレンドリーギルド
(50k +)
nolucky
0%
华夏
(100k +)
Okey
0%
Vikings
(50k +)
PlasticFoods
0%
フレンドリーギルド
(100k +)
Pluto
0%
Chil1
(100k +)
rashflash
0%
TheGoodAids
(50k +)
Rekka
0%
フレンドリーギルド
(50k +)
Renom2
0%
Sexy Angels
(50k +)
rhanmas
0%
QuestOfGame
(50k +)
Rustel
0%
Chil1
(50k +)
RyokiV2
0%
SNK
(50k +)
Rytz2
0%
Sexy Angels
(50k +)
Sagitário
0%
GenshinFR2
(50k +)
ScottXanders
0%
QuestOfGame
(50k +)
老se批了
0%
LatamGremio
(50k +)
sedra
0%
Sexy Angels
(50k +)
SeiRyo
0%
LatamGremio
(50k +)
Seitoshi
0%
QuestOfGame
(200k +)
山姆Sen
0%
QuestOfGame
(150k +)
Sentry
0%
フレンドリーギルド
(50k +)
Sesybichie
0%
SNK
(100k +)
sg777
0%
Daash
(50k +)
shaowndeath
0%
QuestOfGame
(50k +)
Sokami
0%
boobsincity
(50k +)
someone204
0%
Darkthrone
(100k +)
SựThậtvềHCM
0%
Chil1
(100k +)
St.K
0%
Vikings
(50k +)
StyNight
0%
华夏
(150k +)
suda2k
0%
silent free
(50k +)
sun24
0%
welcome
(50k +)
Syzmik 187
0%
Chil1
(100k +)
Tangjx
0%
AlleyCats
(50k +)
TeelCharly
0%
Darkthrone
(50k +)
TộiÁcCSVN
0%
QuestOfGame
(250k +)
TOMOちゃん
0%
welcome
(50k +)
Toxin
0%
フレンドリーギルド
(50k +)
TR999
0%
aa
(50k +)
ubchan
0%
JusagAme
(50k +)
Volguus
0%
Vikings
(50k +)
waadf9001
0%
QuestOfGame
(50k +)
wasteland81
0%
SNK
(50k +)
Wynne
0%
SNK
(50k +)
xbadboy
0%
Daash
(100k +)
XxOskmoonxX
0%
Sexy Angels
(50k +)
xxsss
0%
Darkthrone
(50k +)
YukihiraX2
0%
Vikings
(50k +)
Zeruell
0%

Distribution des résultats

Percentile par nombre de réponses

% des personnes avec chaque résultat

Votre développement - résultats

Vous n’avez pas pris ce quiz depuis la dernière actualisation